000 00600nam a2200205Ia 4500
003 IN-BaIIA
008 211028s9999 xx 000 0 eng d
020 _a1-85233-017-1
040 _cIIA Library
080 _a523.64
_bBON
100 _aBone, Neil
_918218
245 0 _aObserving meteors, comets, supernovae and other transient phenomena
_cNeil Bone
260 _aLondon
_bSpringer-Verlag
_c1999
300 _ax, 198p.
490 _aPractical astronomy
650 _aComets
_9755
650 _aMeteors
650 _aSupernovae
942 _cBK
999 _c12902
_d12902